| 000 | 00601nmm a2200241 a 4500 | ||
|---|---|---|---|
| 003 | AR-BaBNM | ||
| 005 | 20251128211402.0 | ||
| 008 | 164020s2001 ||||||||||||||000 | spa|| | ||
| 020 | _a987-9243-84-6 | ||
| 040 | _cAR-BaBNM | ||
| 100 | 1 | _aPesce, Sergio | |
| 245 | 1 | 0 |
_aEl luto _by otros cuentos |
| 260 |
_aBuenos Aires _bEdiciones Simurg _c2001 |
||
| 300 | _a90 p. | ||
| 650 | 4 | _aLITERATURA ARGENTINA | |
| 650 | 4 | _aLITERATURA CONTEMPORANEA | |
| 650 | 4 | _aCUENTOS | |
| 653 | _aNARRATIVA | ||
| 655 | _aLITERATURA | ||
| 700 | 1 |
_aUccello, Claudia _eilustrador |
|
| 942 | _cBK | ||
| 998 | _cmartin | ||
| 999 |
_c19455 _d19455 |
||